| 000 | 00322cam a22001217a 4500 | ||
|---|---|---|---|
| 008 | 180718b xxu||||| |||| 00| 0 eng d | ||
| 082 | _aA75 B469 | ||
| 100 | _aBhatt,S.C. | ||
| 245 |
_aThe district gazetter of Jharkhand _cS.C. Bhatt |
||
| 260 |
_aNew Dehli _bGyan _c |
||
| 300 | _a331p | ||
| 650 | _aJharkhand (India) - Gazetteers | ||
| 999 |
_c408119 _d408119 |
||